00919nam a22002537a 45000010008000000030009000080050017000170070008000340080035000420200016000770400022000930820027001151000027001422450172001692600058003413000030003995000037004295000028004666500034004946500027005287000051005557000048006067100011006540007015DO-SdBNP20240813125946.00007015161201b2008 mx a ||| 00| 0 spa d a9687854839  aBPMSUbspacBPMSU 4a370.15bT787c 20082221 aTrejo López, Olivia,10a¿Cómo enseñar a pensar a los niños? : bpreescolar /cOlivia Trejo López ; diseño e ilustración, Magdalena Rodríguez Orozco y Martha Rodríguez Orozco. aMéxico : bEdiciones Euroméxico, bLexus, c2008. a208 p. :bil. ; c33 cm.  aEn la portada "El más pesado". aApartir de 3 a 5 años 4a Psicología del aprendizaje 4aAptitud de aprendizaje1 aRodríguez Orozco, Magdalena,eilustración 1 aRodríguez Orozco, Martha,eilustración 2 aLexus